| 000 | 00474nam a22001817a 4500 | ||
|---|---|---|---|
| 003 | MPLRDC | ||
| 005 | 20220104144119.0 | ||
| 008 | 210129b ||||| |||| 00| 0 eng d | ||
| 082 | _a857.622 HL v.19 | ||
| 100 | _a何洛 | ||
| 245 |
_a二十年来香港惊人罪案. 第十九集 _c |
||
| 250 | _a初版 | ||
| 260 |
_a _b环球图书杂志出版社出版 _c1984 |
||
| 300 | _b平 | ||
| 490 | _a奇案实录 | ||
| 650 | _a小说--罪案类 | ||
| 942 |
_cBK _o857.622 HL v.19 |
||
| 999 |
_c46503 _d46493 |
||